Statistiques concernant QA #19 - Générateur de puzzle - Version Noël #2

Cliquez ici pour prendre le quiz!

Statistiques générales

  • Ce quiz a été pris 207 fois
  • Le résultat moyen est 9 sur 19

Statistiques - réponses

IndicesRéponses% Correct
On s'embrasse dessous pour NoëlGui
92%
Véhicule de glisse non tractéLuge
88%
Gabriel en est unAnge
87%
Matériau pour vêtements chaudsLaine
85%
Fruit du chêne, parfois décoratifGland
76%
Lorsqu'une roue l'est, elle devient attractionGrande
54%
Ce que fit l'étoile filante pour les Rois magesGuider
54%
Santa ne doit pas l'être, avec tous les cadeaux qu'il offreRadin
52%
Comme un pinson, beaucoup le sont le 25 décembreGai
49%
Pays de la tradition des "12 pubs de Noël"Irlande
43%
Le repas du réveillon en est unDîner
42%
Mot de 9 lettresGuirlande
37%
Ce que fait Jugnot sur une voiture dans Les Bronzés font du skiUrine
31%
Alimente certains poêles à boisGranulé
24%
Deux essaient de cambrioler les McCallister dans Home Alone!Gredin
17%
Agissant de nuit, Santa ne doit pas l'êtreDiurne
14%
Chanteur français, interprète du Père Noël NoirRenaud
14%
Santa serait celui de l'esprit de NoëlGardien
7%
Subdivision du pays du sapinLänder
6%

Distribution des résultats

Percentile par nombre de réponses

% des personnes avec chaque résultat

Votre développement - résultats

Vous n’avez pas pris ce quiz